000 00325nam a2200145Ia 4500
100 _aYadav/R
490 _v1
942 _cBK
654 _aThermodynamics
245 _aThermodynamics & heat engines
260 _bCentral Publishing House
_aAllahabad
_c1986
082 _a621.402
_bYAD
300 _a828
546 _aENGLISH
999 _c24664
_d24664